Quien es el actor / actriz #6 - Estadísticas

Estadísticas generales
  • Esta prueba ha sido intentada 75 veces
  • La puntuación promedio es 5 de 16
Estadísticas de respuestas
Imagen Respuesta % Correcto
Vin Diesel
90%
Sylvester Stallone
76%
Chris Pratt
68%
Bradley Cooper
65%
Zoe Saldaña
60%
Benicio del Toro
48%
Dave Bautista
37%
Will Poulter
21%
Kurt Russell
19%
Karen Gillan
13%
James Gunn
11%
Sean Gunn
11%
Pom Klementieff
6%
Michael Rooker
5%
Lee Pace
3%
Chukwudi Iwuji
2%
No se encontraron pruebas coincidentes
Distribución de puntuación
Porcentaje de gente con cada puntuación
Porcentaje por número respondido
Historial de tus puntuaciones
No has intentado esta prueba.